000 01052nam a2200265 a 4500
008 951121s1988||||[C 0 ger c
020 _c12,50 Kčs.
_q(29800 výtl.)
040 _aSNK
_bslo
_cSNK
_eAACR2
041 1 _aslo
_hcze
044 _axo
_cSK
080 _a803.0(075.2)
100 1 _aMaroušková, Marie
_4aut
245 1 0 _aNemčina 3 pre 5. alebo 6. ročník tried s rozšíreným vyučovaním jazykov na základných školách
_cMarie Maroušková, Pavla Niedermaierová, Šarlota Pavlíková ; Šarlota Pavlíková, Josef Říha, Jana Lamserová, Dagmar Petrášková
250 _a2., vyd.
260 _aBratislava
_bSPN
_c1988
_ePraha
_fMír
300 _a256 s., 11,21 AH
_bTb. Noty.
_c20 cm
500 _aNem.-slov. a slov.-nem. slovníček. Schválilo MŠ SSR. Ilustr. na front.
700 1 _aNiedermaierová, Pavla
_4aut
700 1 _aPavlíková, Šarlota
_4aut
700 1 _aPavlíková, Šarlota
_4trl
700 1 _aŘíha, Josef
_4bkd
700 1 _aLamserová, Jana
_4bkd
700 1 _aPetrášková, Dagmar
_4bkd
958 _aA
999 _c19191
_d19191